How you can have joy. (Record no. 12656)

000 -LEADER
fixed length control field 00547nam a2200181 a 4500
001 - CONTROL NUMBER
control field :::00010469$&:&@@
003 - CONTROL NUMBER IDENTIFIER
control field OkBaRHE
005 - DATE AND TIME OF LATEST TRANSACTION
control field 20000607103359.0
008 - FIXED-LENGTH DATA ELEMENTS--GENERAL INFORMATION
fixed length control field s1976 j 000 0 eng u
040 ## - CATALOGING SOURCE
Transcribing agency
100 1# - MAIN ENTRY--PERSONAL NAME
Personal name Jamison-Peterson, Vicki.
245 10 - TITLE STATEMENT
Title How you can have joy.
260 ## - PUBLICATION, DISTRIBUTION, ETC. (IMPRINT)
Place of publication, distribution, etc Tulsa, OK., :
Name of publisher, distributor, etc Vicki Jamison-Peterson Ministries
Date of publication, distribution, etc c1976
300 ## - PHYSICAL DESCRIPTION
Extent 125 p. ;
Dimensions 18 cm.
650 ## - SUBJECT ADDED ENTRY--TOPICAL TERM
Topical term or geographic name as entry element Christian Life
942 ## - ADDED ENTRY ELEMENTS (KOHA)
Source of classification or shelving scheme
Koha item type Books
Copies
Total Checkouts Date last seen Permanent Location Full call number Withdrawn status Date checked out Shelving location Koha item type Total Renewals Current Location Barcode Checked out Price effective from Date acquired Damaged status Lost status Not for loan Source of classification or shelving scheme Copy number
12015-09-03RHEMA Bible Training CollegeBV 4501 .J3 2015-09-03General StacksBooks2RHEMA Bible Training College104692018-06-292010-04-142010-04-14    1